000 00559nam a2200181Ia 4500
005 20250326144510.0
008 250326s9999 xx 000 0 und d
037 _aTextbook
040 _aFMSL
_beng
_cFMSL
041 _aeng
_2eng
084 _aX:512 P8
_qFMSL
100 _aRyans A
_9749775
245 0 _aBeating low cost comptition : how premium brands can respond to cut-preice rivals
_cRyans A
260 _aNew Jersey
_bNew Jersey, John Wiley
_c2008
365 _b1952.3565000000001
942 _cTB
_hX:512 P8
999 _c1303934
_d1303934